LIBRARY & INFORMATION CENTRE, KCAET, TAVANUR

ONLINE PUBLIC ACCESS CATALOGUE (OPAC)

Penguin dictionary of quotations / (Record no. 9880)

MARC details
000 -LEADER
fixed length control field 00435cam a2200181ua 4500
041 ## - LANGUAGE CODE
Language code of text/sound track or separate title eng
082 ## - DEWEY DECIMAL CLASSIFICATION NUMBER
Classification number 028.73080
Item number COH/PE
100 ## - MAIN ENTRY--AUTHOR NAME
Personal name Cohen, M J .
245 ## - TITLE STATEMENT
Title Penguin dictionary of quotations /
250 ## - EDITION STATEMENT
Edition statement 1 /
260 ## - PUBLICATION, DISTRIBUTION, ETC. (IMPRINT)
Place of publication Bellomore :
Name of publisher Penguin Books ,
Year of publication 1961.
300 ## - PHYSICAL DESCRIPTION
Number of Pages 663 ; .
942 ## - ADDED ENTRY ELEMENTS (KOHA)
Koha item type Books
Holdings
Withdrawn status Lost status Damaged status Home library Current library Date acquired Full call number Accession Number Koha item type
      KAUAET KAUAET 07/04/2012 028.73080 507 Reference
free website counter